[Event "Vsetin op 40th"]
[Site "Vsetin"]
[Date "2015.07.11"]
[Round "9"]
[White "Gabrys, Lukas"]
[Black "Hrabovsky, Vladimir"]
[Result "1/2-1/2"]
[WhiteElo "1882"]
[BlackElo "1979"]
[PlyCount "69"]
[EventDate "2015.07.04"]
[EventType "swiss"]
[EventRounds "9"]
[EventCountry "CZE"]
[SourceTitle "CBM 167 Extra"]
[Source "ChessBase"]
[SourceDate "2015.09.14"]
[SourceVersion "1"]
[SourceVersionDate "2015.09.14"]
[SourceQuality "1"]

1. e4 c5 2. d4 cxd4 3. c3 d3 4. c4 Nc6 5. Bxd3 g6 6. Nc3 Bg7 7. Nf3 d6 8. h3 Nf6 9. 0-0 0-0 10. Be3 Bd7 11. Rc1 Qa5 12. Bb1 Rfc8 13. Qe2 Qh5 14. b3 Ne5 15. Nxe5 Qxe5 16. Rfd1 Qh5 17. Qxh5 gxh5 18. Bg5 h6 19. Bxf6 Bxf6 20. Nd5 Kg7 21. Nxf6 Kxf6 22. Rd5 Rc5 23. b4 Rxd5 24. cxd5 Rc8 25. Rxc8 Bxc8 26. f4 e5 27. dxe6 fxe6 28. Kf2 Bd7 29. Kg3 e5 30. Bc2 h4+ 31. Kf3 Bb5 32. Bd1 Bd3 33. Bb3 b6 34. Bd5 Bf1 35. Kf2 1/2-1/2

[Event "Vsetin op 40th"]
[Site "Vsetin"]
[Date "2015.07.04"]
[Round "1"]
[White "Kovacik, Emil"]
[Black "Gabrys, Lukas"]
[Result "1/2-1/2"]
[WhiteElo "2194"]
[BlackElo "1882"]
[PlyCount "85"]
[EventDate "2015.07.04"]
[EventType "swiss"]
[EventRounds "9"]
[EventCountry "CZE"]
[SourceTitle "CBM 167 Extra"]
[Source "ChessBase"]
[SourceDate "2015.09.14"]
[SourceVersion "1"]
[SourceVersionDate "2015.09.14"]
[SourceQuality "1"]

1. e4 c5 2. Nc3 d6 3. g3 Nc6 4. Bg2 g6 5. d3 Bg7 6. f4 e6 7. Nf3 Nge7 8. 0-0 0-0 9. Be3 Rb8 10. d4 b6 11. Bf2 Ba6 12. Re1 e5 13. fxe5 cxd4 14. Nxd4 Nxe5 15. a4 Bb7 16. Rc1 a6 17. Qe2 Qc8 18. Nd5 Nxd5 19. exd5 Re8 20. Nc6 Bxc6 21. dxc6 b5 22. axb5 Rxb5 23. b3 Ra5 24. Bb6 Rb5 25. Bf2 Rd8 26. Qe4 d5 27. Qh4 Rd6 28. c4 dxc4 29. bxc4 Rb2 30. Rcd1 Rdd2 31. Rxd2 Rxd2 32. Qe7 Rxf2 33. Kxf2 Nd3+ 34. Ke2 Nxe1 35. Kxe1 Bc3+ 36. Kd1 Ba5 37. Bd5 Qf8 38. Qd7 Qg7 39. Qc8+ Qf8 40. Qd7 Qg7 41. Qc8+ Qf8 42. Qb7 Qe8 43. Qb2 1/2-1/2

[Event "Morava-ch U16"]
[Site "Kouty nad Desnou"]
[Date "2012.10.26"]
[Round "5"]
[White "Chromik, Tomas"]
[Black "Gabrys, Lukas"]
[Result "1-0"]
[WhiteElo "1889"]
[BlackElo "1720"]
[PlyCount "59"]
[EventDate "2012.10.24"]
[EventType "swiss"]
[EventRounds "9"]
[EventCountry "CZE"]
[SourceTitle "EXT 2015"]
[Source "ChessBase"]
[SourceDate "2014.11.20"]
[SourceVersion "1"]
[SourceVersionDate "2014.11.20"]
[SourceQuality "1"]

1. e4 e5 2. Nf3 Nc6 3. Bb5 a6 4. Ba4 Nf6 5. 0-0 b5 6. Bb3 Be7 7. Re1 0-0 8. h3 d6 9. c3 Na5 10. Bc2 c5 11. d4 Qc7 12. Nbd2 Bb7 13. Nf1 Rac8 14. Bb1 Nc4 15. b3 Nb6 16. d5 Rcd8 17. Ng3 Bc8 18. Nh2 c4 19. b4 Na4 20. Ne2 Ne8 21. Bc2 Nb6 22. f4 Bf6 23. f5 Qe7 24. Nf3 Qa7 25. Be3 a5 26. a4 axb4 27. a5 Qb7 28. Bxb6 Rd7 29. cxb4 Bd8 30. Be3 1-0

[Event "Morava-ch U16"]
[Site "Kouty nad Desnou"]
[Date "2012.10.25"]
[Round "3"]
[White "Nytra, Petr"]
[Black "Gabrys, Lukas"]
[Result "1-0"]
[WhiteElo "1723"]
[BlackElo "1720"]
[PlyCount "49"]
[EventDate "2012.10.24"]
[EventType "swiss"]
[EventRounds "9"]
[EventCountry "CZE"]
[SourceTitle "EXT 2015"]
[Source "ChessBase"]
[SourceDate "2014.11.20"]
[SourceVersion "1"]
[SourceVersionDate "2014.11.20"]
[SourceQuality "1"]

1. e4 c5 2. Nc3 Nc6 3. f4 d6 4. Nf3 e6 5. Bb5 Nge7 6. d3 a6 7. Bxc6+ Nxc6 8. 0-0 Be7 9. Qe1 0-0 10. Qg3 Re8 11. Bd2 b5 12. Rae1 b4 13. Ne2 Qb6 14. c3 Bd7 15. Nh4 d5 16. f5 Kh8 17. Nf4 dxe4 18. Nh5 Bf8 19. f6 g6 20. Nf4 Ra7 21. Nfxg6+ fxg6 22. Nxg6+ hxg6 23. Qh4+ Kg8 24. f7+ Kg7 25. Qh6# 1-0